000 00937nac a22002411u 4500
010 _a2004295239
020 _a0131424718
035 _a(OCoLC)ocm54117252
082 0 0 _a388.3120973
_bR718
090 _c1540
_d1540
100 _aRoess, Roger P.
245 1 0 _aTraffic engineering /
_cRoger P. Roess, Elena S. Prassas, William R. McShane.
250 _a3rd ed.
260 _aUpper Saddle River, N.J. :
_bPearson/Prentice Hall,
_cc2004.
300 _axiii, 786 p. :
_bill. ;
_c26 cm.
500 _aMcShane's name appears first in earlier ed.
504 _aIncludes bibliographical references and index.
650 0 _aTraffic engineering
_zUnited States.
700 1 _aPrassas, Elena S.
700 1 _aMcShane, William R.
942 _cBB
_k388.3120973R718
999 _c1540
_d1540